Mezinárodní srovnání vývoje bydlení v členských státech Hexagonální iniciativy. 1.
Postavenie bývania v hlavných makroekonomických agregátoch. Význam bývania v štruktúre životnej úrovne. Úroveň bývania v krajinách Hexagonálnej iniciatívy: v ČSFR, Maďarsku, Juhoslávii, Rakúsku, Taliansku a Poľsku. Financovania bývania a bytová politika.
Saved in:
| Main Author: | |
|---|---|
| Format: | Book Chapter |
| Language: | Czech |
| Subjects: | |
| Tags: |
No Tags, Be the first to tag this record!
|
MARC
| LEADER | 00000naa a2200000 4500 | ||
|---|---|---|---|
| 001 | r009529 | ||
| 005 | 20220831090525.5 | ||
| 041 | 0 | |a cze | |
| 044 | |a [CS] | ||
| 245 | 1 | 0 | |a Mezinárodní srovnání vývoje bydlení v členských státech Hexagonální iniciativy. 1. |c B. Stíbalová |
| 520 | |a Postavenie bývania v hlavných makroekonomických agregátoch. Význam bývania v štruktúre životnej úrovne. Úroveň bývania v krajinách Hexagonálnej iniciatívy: v ČSFR, Maďarsku, Juhoslávii, Rakúsku, Taliansku a Poľsku. Financovania bývania a bytová politika. | ||
| 610 | 2 | 0 | |a bývanie |
| 610 | 2 | 0 | |a byty |
| 610 | 2 | 0 | |a výstavba bytová |
| 610 | 2 | 0 | |a porovnanie štatistické medzinárodné |
| 610 | 2 | 0 | |a ČSFR |
| 610 | 2 | 0 | |a MR |
| 610 | 2 | 0 | |a PR |
| 610 | 2 | 0 | |a SFRJ |
| 610 | 2 | 0 | |a Rakúsko |
| 610 | 2 | 0 | |a Taliansko |
| 100 | 1 | |a Stíbalová, B. | |